000 00708nam a2200217Ii 4500
003 JO-AjNU
008 230606s9999||||xx |||||||||||||| ||und||
020 _a978-1-138-18721-4(hbk) / 978-1-138-18722(pbk) / 978-1-315-10776-9(ebk)
040 _aJO-AjNU
_beng
_erda
_cJO-AjNU
041 _aeng
050 1 4 _aPE1449.S98 2018
100 3 _aSzudarski, Pawet,
_eauthor
_95993
245 0 0 _aCorpus Linguistics for Vocabulary: A Guide for Research
250 _a1 ed
264 3 1 _aNew York: Routledge, 2018
300 _a227P
336 _atext
_btxt
_2rdacontent
337 _aunmediated
_bn
_2rdamedia
338 _avolume
_bnc
_2rdacarrier
650 4 _aLanguage and Linguistics - Applied Linguistics
_95994
999 _aE3108
_c3105
_d3105